[Event "MESRRK"]
[Site "?"]
[Date "2018.05.26"]
[Round "6.12"]
[White "Kolimar, Kristof Pal"]
[Black "Petrecz, Akos"]
[Result "1/2-1/2"]
[BlackElo "1224"]
[WhiteElo "1715"]
[LiveChessVersion "1.4.8"]

1. Nf3 {[%clk 0:20:18]} d5 {[%clk 0:20:19]} 2. c4 {[%clk 0:20:27]} dxc4
{[%clk 0:20:23]} 3. Qa4+ {[%clk 0:20:35]} Nc6 {[%clk 0:20:27]} 4. e3
{[%clk 0:20:38]} Bd7 {[%clk 0:20:19]} 5. Qxc4 {[%clk 0:20:35]} e5
{[%clk 0:20:11]} 6. a3 {[%clk 0:20:14]} Bd6 {[%clk 0:19:58]} 7. Qc2
{[%clk 0:20:21]} Nf6 {[%clk 0:19:42]} 8. Nc3 {[%clk 0:20:29]} O-O
{[%clk 0:19:33]} 9. Be2 {[%clk 0:20:33]} h6 {[%clk 0:19:14]} 10. d3
{[%clk 0:20:39]} Qe7 {[%clk 0:18:56]} 11. O-O {[%clk 0:20:40]} a6
{[%clk 0:18:54]} 12. b4 {[%clk 0:20:10]} Na7 {[%clk 0:18:29]} 13. Bd2
{[%clk 0:19:04]} Nb5 {[%clk 0:18:28]} 14. Nxb5 {[%clk 0:18:56]} Bxb5
{[%clk 0:18:37]} 15. Rfe1 {[%clk 0:18:16]} Rac8 {[%clk 0:18:29]} 16. Bf1
{[%clk 0:17:36]} c5 {[%clk 0:17:42]} 17. Qb3 {[%clk 0:17:06]} cxb4
{[%clk 0:17:01]} 18. Bxb4 {[%clk 0:16:48]} Bxb4 {[%clk 0:16:47]} 19. axb4
{[%clk 0:16:55]} e4 {[%clk 0:16:28]} 20. dxe4 {[%clk 0:16:17]} Bxf1
{[%clk 0:16:32]} 21. Rxf1 {[%clk 0:16:05]} Nxe4 {[%clk 0:16:31]} 22. Rac1
{[%clk 0:15:47]} Kh8 {[%clk 0:15:36]} 23. Rfd1 {[%clk 0:14:42]} Rxc1
{[%clk 0:13:45]} 24. Rxc1 {[%clk 0:14:51]} Rd8 {[%clk 0:13:54]} 25. Nd4
{[%clk 0:14:16]} Nf6 {[%clk 0:09:25]} 26. Qc4 {[%clk 0:13:48]} Nd5
{[%clk 0:09:03]} 27. Nc2 {[%clk 0:12:05]} Qc7 {[%clk 0:08:29]} 28. Qxc7
{[%clk 0:11:30]} Nxc7 {[%clk 0:08:38]} 29. Nd4 {[%clk 0:11:39]} Nd5
{[%clk 0:08:36]} 30. Rb1 {[%clk 0:11:30]} Rc8 {[%clk 0:07:32]} 31. Kf1
{[%clk 0:11:31]} Rc4 {[%clk 0:07:16]} 32. b5 {[%clk 0:11:36]} a5 {[%clk 0:06:33]}
33. Ra1 {[%clk 0:09:00]} b6 {[%clk 0:06:29]} 34. Ke2 {[%clk 0:09:08]} Rb4
{[%clk 0:05:48]} 35. Kd3 Nc7 {[%clk 0:05:13]} 36. Rc1 {[%clk 0:05:14]} Nxb5
{[%clk 0:05:11]} 37. Nc6 {[%clk 0:04:26]} Rb2 38. f4 Rxg2 {[%clk 0:04:31]} 39.
Rb1 {[%clk 0:04:34]} Nd6 {[%clk 0:04:25]} 40. Rxb6 {[%clk 0:04:33]} Rxh2
{[%clk 0:04:32]} 41. Nxa5 {[%clk 0:04:41]} 1/2-1/2

[Event "MESRRK"]
[Site "?"]
[Date "2018.05.26"]
[Round "6.14"]
[White "Cerven, Samuel"]
[Black "Orgon, Jakub"]
[Result "0-1"]
[BlackElo "1379"]
[WhiteElo "1245"]
[LiveChessVersion "1.4.8"]

1. e4 {[%clk 0:20:16]} c5 {[%clk 0:20:19]} 2. Nc3 {[%clk 0:20:20]} d6
{[%clk 0:20:27]} 3. Bb5+ {[%clk 0:20:28]} Bd7 {[%clk 0:20:35]} 4. Bxd7+
{[%clk 0:20:36]} Qxd7 {[%clk 0:20:44]} 5. Nf3 {[%clk 0:20:42]} Nf6
{[%clk 0:20:52]} 6. O-O {[%clk 0:20:46]} g6 {[%clk 0:20:59]} 7. d4
{[%clk 0:20:54]} cxd4 {[%clk 0:21:05]} 8. Nxd4 {[%clk 0:21:01]} Bg7
{[%clk 0:21:13]} 9. Bg5 {[%clk 0:21:08]} O-O {[%clk 0:21:14]} 10. Qd2
{[%clk 0:21:14]} Nc6 {[%clk 0:21:20]} 11. Nf3 {[%clk 0:21:21]} Rfd8
{[%clk 0:20:54]} 12. Bh6 {[%clk 0:21:25]} Qe6 {[%clk 0:20:44]} 13. Rfe1
{[%clk 0:21:21]} Rac8 {[%clk 0:20:29]} 14. Nd5 {[%clk 0:21:12]} Nxd5
{[%clk 0:20:31]} 15. exd5 {[%clk 0:21:13]} Bxh6 {[%clk 0:20:11]} 16. Qxh6
{[%clk 0:21:16]} Qxd5 {[%clk 0:20:13]} 17. Ng5 {[%clk 0:21:18]} e5
{[%clk 0:18:39]} 18. Rad1 {[%clk 0:20:53]} Qc4 {[%clk 0:15:02]} 19. b3
{[%clk 0:20:54]} Qf4 {[%clk 0:15:07]} 20. Re4 {[%clk 0:20:20]} Qf6
{[%clk 0:14:36]} 21. Rd3 {[%clk 0:18:24]} Qg7 {[%clk 0:14:43]} 22. Qh3
{[%clk 0:18:21]} h6 {[%clk 0:12:43]} 23. Nf3 {[%clk 0:18:22]} Ne7
{[%clk 0:11:10]} 24. Nh4 {[%clk 0:17:43]} Rxc2 {[%clk 0:10:48]} 25. a4
{[%clk 0:17:24]} Rc1+ {[%clk 0:10:57]} 0-1

[Event "MESRRK"]
[Site "?"]
[Date "2018.05.26"]
[Round "6.15"]
[White "Sahidi, Sear"]
[Black "Visvader, Kristof"]
[Result "0-1"]
[BlackElo "1280"]
[WhiteElo "1129"]
[LiveChessVersion "1.4.8"]

1. e4 {[%clk 0:20:10]} e5 {[%clk 0:20:10]} 2. Nf3 Nc6 3. d4 {[%clk 0:20:10]} exd4
{[%clk 0:20:10]} 4. Nxd4 {[%clk 0:20:10]} Qh4 {[%clk 0:20:10]} 5. Qd3
{[%clk 0:20:07]} Nf6 {[%clk 0:20:15]} 6. Nxc6 {[%clk 0:20:11]} bxc6
{[%clk 0:20:19]} 7. e5 {[%clk 0:20:17]} Qe4+ {[%clk 0:20:21]} 8. Qxe4
{[%clk 0:20:21]} Nxe4 {[%clk 0:20:30]} 9. Nc3 {[%clk 0:20:22]} Nxc3
{[%clk 0:20:37]} 10. bxc3 {[%clk 0:20:30]} d6 {[%clk 0:20:38]} 11. Bf4
{[%clk 0:20:36]} dxe5 {[%clk 0:20:45]} 12. Bxe5 {[%clk 0:20:44]} Kd8
{[%clk 0:20:31]} 13. Rd1+ {[%clk 0:20:52]} Bd7 {[%clk 0:20:39]} 14. Bc4
{[%clk 0:20:57]} f6 {[%clk 0:20:47]} 15. Bg3 {[%clk 0:21:03]} Bd6
{[%clk 0:20:52]} 16. Bxd6 {[%clk 0:21:06]} cxd6 {[%clk 0:21:00]} 17. Rxd6
{[%clk 0:21:13]} Re8+ {[%clk 0:21:08]} 18. Kf1 {[%clk 0:21:17]} Kc7
{[%clk 0:21:15]} 19. Rd3 {[%clk 0:21:18]} Re4 {[%clk 0:21:21]} 20. Rd4
{[%clk 0:21:20]} Re7 {[%clk 0:21:24]} 21. Bd3 {[%clk 0:21:29]} Rae8
{[%clk 0:21:31]} 22. g3 {[%clk 0:20:53]} Bh3+ {[%clk 0:21:38]} 23. Kg1
{[%clk 0:20:51]} Re1+ {[%clk 0:21:46]} 24. Bf1 Rxf1# 0-1

[Event "MESRRK"]
[Site "?"]
[Date "2018.05.26"]
[Round "6.16"]
[White "Carnecky, Viliam"]
[Black "Elias, David"]
[Result "0-1"]
[BlackElo "1380"]
[WhiteElo "1191"]
[LiveChessVersion "1.4.8"]

1. e4 {[%clk 0:20:18]} d5 {[%clk 0:20:11]} 2. exd5 {[%clk 0:20:22]} Qxd5
{[%clk 0:20:16]} 3. Nc3 {[%clk 0:20:29]} Qa5 {[%clk 0:20:24]} 4. Nf3
{[%clk 0:20:35]} c6 {[%clk 0:20:26]} 5. a3 {[%clk 0:20:28]} Bf5 {[%clk 0:20:25]}
6. Bc4 {[%clk 0:20:22]} e6 {[%clk 0:20:30]} 7. b4 {[%clk 0:20:12]} Qc7
{[%clk 0:20:36]} 8. Nh4 {[%clk 0:20:00]} Qe5+ {[%clk 0:20:05]} 9. Be2
{[%clk 0:19:34]} Bg4 {[%clk 0:18:47]} 10. h3 {[%clk 0:19:23]} Bxe2
{[%clk 0:18:49]} 11. Qxe2 {[%clk 0:19:28]} Qxe2+ {[%clk 0:18:56]} 12. Nxe2
{[%clk 0:19:35]} Be7 {[%clk 0:18:56]} 13. Nf3 {[%clk 0:19:42]} Nf6
{[%clk 0:19:00]} 14. Ng3 {[%clk 0:19:49]} Nbd7 {[%clk 0:19:08]} 15. Bb2
{[%clk 0:19:55]} O-O-O {[%clk 0:18:59]} 16. O-O-O {[%clk 0:20:02]} Nb6
{[%clk 0:18:44]} 17. Ne5 {[%clk 0:20:03]} Rhf8 {[%clk 0:18:39]} 18. f4
{[%clk 0:19:30]} Na4 {[%clk 0:18:43]} 19. f5 {[%clk 0:19:28]} Nxb2
{[%clk 0:18:37]} 20. Kxb2 {[%clk 0:19:36]} Bd6 {[%clk 0:18:25]} 21. Rhe1
{[%clk 0:19:41]} Nd5 {[%clk 0:16:56]} 22. fxe6 {[%clk 0:19:31]} f6
{[%clk 0:16:39]} 23. Nf7 {[%clk 0:19:05]} Bxg3 {[%clk 0:16:10]} 24. Nxd8
{[%clk 0:18:55]} Bxe1 {[%clk 0:16:17]} 25. c4 {[%clk 0:18:12]} Nf4
{[%clk 0:16:04]} 26. e7 {[%clk 0:18:11]} Re8 {[%clk 0:15:56]} 27. Rxe1
{[%clk 0:18:20]} Nd3+ {[%clk 0:16:03]} 28. Kc3 {[%clk 0:18:08]} Nxe1
{[%clk 0:16:11]} 29. Nf7 {[%clk 0:18:08]} Rxe7 {[%clk 0:16:15]} 30. Nd6+
{[%clk 0:18:11]} Kc7 {[%clk 0:16:17]} 31. c5 {[%clk 0:18:19]} Nxg2
{[%clk 0:16:18]} 32. Nf5 {[%clk 0:18:13]} Rf7 {[%clk 0:16:16]} 33. Nd6
{[%clk 0:18:21]} Rd7 {[%clk 0:16:22]} 34. Nf5 {[%clk 0:18:26]} Nf4
{[%clk 0:16:30]} 35. Nd6 {[%clk 0:18:32]} Nxh3 {[%clk 0:16:37]} 36. Nf5
{[%clk 0:18:39]} Ng5 {[%clk 0:16:40]} 37. d4 {[%clk 0:18:42]} g6 {[%clk 0:16:45]}
38. Nd6 {[%clk 0:18:50]} Nf7 {[%clk 0:16:45]} 39. Ne4 {[%clk 0:18:57]} f5
{[%clk 0:16:50]} 40. Nf6 {[%clk 0:19:02]} Ng5 {[%clk 0:16:52]} 41. Nxd7
{[%clk 0:19:07]} Kxd7 {[%clk 0:17:00]} 42. Kd3 {[%clk 0:19:15]} Ke6
{[%clk 0:17:09]} 43. Ke3 {[%clk 0:19:23]} Kd5 {[%clk 0:17:18]} 44. Kd3
{[%clk 0:19:28]} Ne6 {[%clk 0:17:27]} 45. a4 {[%clk 0:19:25]} Nxd4
{[%clk 0:17:33]} 46. Kc3 {[%clk 0:19:26]} b6 {[%clk 0:17:41]} 47. cxb6
{[%clk 0:19:31]} axb6 {[%clk 0:17:50]} 48. a5 {[%clk 0:19:37]} bxa5
{[%clk 0:17:32]} 49. bxa5 {[%clk 0:19:45]} h5 {[%clk 0:17:37]} 50. a6
{[%clk 0:19:51]} h4 {[%clk 0:17:44]} 51. Kb4 {[%clk 0:20:00]} Nb5
{[%clk 0:17:48]} 52. Kb3 {[%clk 0:19:57]} h3 {[%clk 0:17:46]} 53. a7
{[%clk 0:20:06]} Nxa7 {[%clk 0:17:53]} 54. Kc3 {[%clk 0:20:14]} h2
{[%clk 0:18:01]} 55. Kd3 {[%clk 0:20:22]} h1=R {[%clk 0:18:02]} 56. Ke3
{[%clk 0:20:30]} g5 {[%clk 0:18:09]} 57. Kf3 {[%clk 0:20:38]} g4+
{[%clk 0:18:17]} 58. Kg3 {[%clk 0:20:45]} Rh3+ {[%clk 0:18:25]} 59. Kg2
{[%clk 0:20:52]} f4 {[%clk 0:18:31]} 60. Kf2 {[%clk 0:21:00]} Ke4
{[%clk 0:18:39]} 61. Kg2 {[%clk 0:21:08]} f3+ {[%clk 0:18:47]} 62. Kf2
{[%clk 0:21:17]} c5 {[%clk 0:18:55]} 63. Kg1 {[%clk 0:21:23]} c4 {[%clk 0:19:03]}
64. Kf1 {[%clk 0:21:32]} c3 {[%clk 0:19:11]} 65. Ke1 {[%clk 0:21:40]} Rh1+
{[%clk 0:19:12]} 66. Kf2 {[%clk 0:21:48]} c2 {[%clk 0:19:20]} 67. Kg3
{[%clk 0:21:55]} Rg1+ {[%clk 0:19:27]} 68. Kf2 {[%clk 0:21:58]} Rg2+
{[%clk 0:19:32]} 69. Kf1 {[%clk 0:22:04]} c1=B {[%clk 0:19:30]} 70. Ke1
{[%clk 0:22:12]} Be3 {[%clk 0:19:34]} 71. Kf1 {[%clk 0:22:20]} Nb5
{[%clk 0:19:38]} 72. Ke1 {[%clk 0:22:28]} g3 {[%clk 0:19:44]} 73. Kf1
{[%clk 0:22:36]} Rg1# {[%clk 0:19:46]} 0-1

[Event "MESRRK"]
[Site "?"]
[Date "2018.05.26"]
[Round "6.17"]
[White "Labyk, Illia"]
[Black "Sosovickova, Martina"]
[Result "1-0"]
[BlackElo "1129"]
[WhiteElo "1314"]
[LiveChessVersion "1.4.8"]

1. e4 {[%clk 0:20:15]} c5 {[%clk 0:20:18]} 2. Nc3 {[%clk 0:20:23]} Nc6
{[%clk 0:20:25]} 3. f4 {[%clk 0:20:31]} g6 {[%clk 0:20:30]} 4. Nf3
{[%clk 0:20:37]} Bg7 {[%clk 0:20:37]} 5. Bc4 {[%clk 0:20:45]} a6 {[%clk 0:20:37]}
6. a4 {[%clk 0:20:53]} d6 {[%clk 0:20:30]} 7. d3 {[%clk 0:21:00]} Bg4
{[%clk 0:20:34]} 8. O-O {[%clk 0:21:08]} Nd4 {[%clk 0:20:38]} 9. Bxf7+
{[%clk 0:20:40]} Kxf7 {[%clk 0:20:26]} 10. Ng5+ {[%clk 0:20:49]} Ke8
{[%clk 0:20:30]} 11. Qxg4 {[%clk 0:20:54]} Nf6 {[%clk 0:20:23]} 12. Qd1
{[%clk 0:20:37]} h6 {[%clk 0:19:55]} 13. Nf3 {[%clk 0:18:51]} Nxf3+
{[%clk 0:19:46]} 14. Qxf3 {[%clk 0:18:54]} Kf7 {[%clk 0:19:42]} 15. e5
{[%clk 0:18:49]} Nd7 {[%clk 0:19:40]} 16. e6+ {[%clk 0:18:43]} Kxe6
{[%clk 0:19:27]} 17. Qd5+ {[%clk 0:18:49]} Kf6 {[%clk 0:19:26]} 18. Ne4#
{[%clk 0:18:55]} 1-0

[Event "MESRRK"]
[Site "?"]
[Date "2018.05.26"]
[Round "6.18"]
[White "Gabor, Mariya"]
[Black "Horvathova, Hana"]
[Result "1-0"]
[BlackElo "1140"]
[WhiteElo "1266"]
[LiveChessVersion "1.4.8"]

1. e4 {[%clk 0:20:17]} e5 {[%clk 0:20:19]} 2. Nf3 {[%clk 0:20:26]} Nc6
{[%clk 0:20:26]} 3. Bc4 {[%clk 0:20:33]} Bc5 {[%clk 0:20:29]} 4. c3
{[%clk 0:20:41]} Nf6 {[%clk 0:20:31]} 5. d4 {[%clk 0:20:49]} exd4
{[%clk 0:19:53]} 6. cxd4 {[%clk 0:20:58]} Bb4+ {[%clk 0:20:00]} 7. Nc3
{[%clk 0:21:06]} O-O {[%clk 0:19:55]} 8. O-O {[%clk 0:21:06]} Bxc3 9. bxc3
{[%clk 0:21:14]} Nxe4 {[%clk 0:20:04]} 10. Re1 {[%clk 0:20:55]} d5
{[%clk 0:19:54]} 11. Bd3 {[%clk 0:20:37]} Nf6 {[%clk 0:19:39]} 12. Bg5
{[%clk 0:20:05]} Bg4 {[%clk 0:19:30]} 13. Re3 {[%clk 0:19:03]} Qd6
{[%clk 0:19:03]} 14. Qc2 {[%clk 0:18:54]} g6 {[%clk 0:17:56]} 15. Nh4
{[%clk 0:18:29]} Bh5 {[%clk 0:16:36]} 16. Bh6 {[%clk 0:18:17]} Rfe8
{[%clk 0:15:44]} 17. Rg3 {[%clk 0:18:04]} Ng4 {[%clk 0:15:18]} 18. h3
{[%clk 0:18:00]} Nxh6 {[%clk 0:15:16]} 19. Qd2 {[%clk 0:17:40]} Kg7
{[%clk 0:13:22]} 20. Qg5 {[%clk 0:16:56]} Be2 {[%clk 0:12:14]} 21. Bxe2
{[%clk 0:11:44]} Rxe2 {[%clk 0:12:17]} 22. f4 {[%clk 0:10:07]} Ne7
{[%clk 0:11:34]} 23. Qh5 {[%clk 0:09:05]} Qxf4 {[%clk 0:10:54]} 24. Qxe2
{[%clk 0:09:11]} Qxh4 {[%clk 0:10:30]} 25. Qe5+ {[%clk 0:09:01]} Kg8
{[%clk 0:10:04]} 26. Rf3 {[%clk 0:08:26]} Rc8 {[%clk 0:09:24]} 27. Rf4
{[%clk 0:08:19]} Qh5 {[%clk 0:09:01]} 28. Qxe7 {[%clk 0:08:15]} Nf5
{[%clk 0:07:13]} 29. Qd7 {[%clk 0:06:52]} Rf8 {[%clk 0:04:55]} 30. Qxd5
{[%clk 0:06:42]} Ne3 {[%clk 0:05:00]} 31. Qxh5 {[%clk 0:06:37]} gxh5
{[%clk 0:03:58]} 32. Rh4 {[%clk 0:06:30]} Nd5 33. Rxh5 {[%clk 0:06:09]} Nxc3
{[%clk 0:03:58]} 34. Rc5 {[%clk 0:06:09]} Ne2+ {[%clk 0:03:58]} 35. Kf2
{[%clk 0:06:15]} Nxd4 {[%clk 0:04:01]} 36. Rxc7 {[%clk 0:06:20]} Rb8
{[%clk 0:03:47]} 37. Rb1 {[%clk 0:06:08]} Ne6 {[%clk 0:03:24]} 38. Rcxb7
{[%clk 0:06:13]} Rxb7 {[%clk 0:03:27]} 39. Rxb7 {[%clk 0:06:21]} a6
{[%clk 0:03:27]} 40. Rb6 {[%clk 0:06:23]} a5 {[%clk 0:03:33]} 41. Ra6
{[%clk 0:06:36]} Nd4 42. Rxa5 {[%clk 0:06:36]} Ne6 {[%clk 0:03:16]} 43. Re5
{[%clk 0:06:39]} Kg7 {[%clk 0:03:20]} 44. Rxe6 {[%clk 0:06:35]} fxe6
{[%clk 0:03:26]} 45. a4 {[%clk 0:06:44]} Kf8 {[%clk 0:03:02]} 46. Ke3
{[%clk 0:06:53]} Ke8 {[%clk 0:03:11]} 47. Kd4 {[%clk 0:07:02]} Kd7
{[%clk 0:03:19]} 48. Kc5 {[%clk 0:07:11]} Kc7 {[%clk 0:03:26]} 49. a5
{[%clk 0:07:17]} e5 {[%clk 0:03:12]} 50. Kd5 {[%clk 0:07:25]} Kb7
{[%clk 0:03:21]} 51. Kxe5 {[%clk 0:07:34]} Ka6 {[%clk 0:03:30]} 52. Kf6
{[%clk 0:07:41]} Kxa5 {[%clk 0:03:39]} 53. Kg7 {[%clk 0:07:49]} Kb4
{[%clk 0:03:47]} 54. Kxh7 {[%clk 0:07:58]} Kc4 {[%clk 0:03:57]} 55. g4
{[%clk 0:08:05]} Kd4 {[%clk 0:04:05]} 56. g5 {[%clk 0:08:14]} Ke5
{[%clk 0:04:14]} 57. g6 {[%clk 0:08:24]} Kf6 {[%clk 0:04:18]} 58. g7
{[%clk 0:08:32]} Kf7 {[%clk 0:04:22]} 59. g8=Q+ {[%clk 0:08:40]} Kf6
{[%clk 0:04:30]} 60. Qg6+ {[%clk 0:08:44]} Ke5 {[%clk 0:04:38]} 61. Qf7
{[%clk 0:08:53]} Ke4 {[%clk 0:04:47]} 62. Qf6 {[%clk 0:09:01]} Kd5
{[%clk 0:04:54]} 63. Qe7 {[%clk 0:09:10]} Kd4 {[%clk 0:05:03]} 64. Qe6
{[%clk 0:09:19]} Kd3 {[%clk 0:05:10]} 65. Qe5 {[%clk 0:09:28]} Kd2
{[%clk 0:05:10]} 66. Qe4 {[%clk 0:09:28]} Kd1 {[%clk 0:05:26]} 67. Qe3
{[%clk 0:09:40]} Kc2 {[%clk 0:05:32]} 68. Qd4 {[%clk 0:09:49]} Kc1
{[%clk 0:05:39]} 69. Qd3 {[%clk 0:09:58]} Kb2 {[%clk 0:05:47]} 70. Qc4
{[%clk 0:10:06]} Kb1 {[%clk 0:05:56]} 71. Qc3 {[%clk 0:10:15]} Ka2
{[%clk 0:06:03]} 72. Qb4 {[%clk 0:10:23]} Ka1 {[%clk 0:06:12]} 73. Kg6
{[%clk 0:10:32]} Ka2 {[%clk 0:06:20]} 74. Kf5 {[%clk 0:10:40]} Ka1
{[%clk 0:06:28]} 1-0

[Event "MESRRK"]
[Site "?"]
[Date "2018.05.26"]
[Round "6.19"]
[White "Holestiakova, Nina"]
[Black "Jura, Michal"]
[Result "0-1"]
[BlackElo "1264"]
[WhiteElo "1030"]
[LiveChessVersion "1.4.8"]

1. e4 {[%clk 0:20:18]} e5 {[%clk 0:20:16]} 2. Nf3 {[%clk 0:20:26]} Nc6
{[%clk 0:20:25]} 3. d4 {[%clk 0:20:33]} exd4 {[%clk 0:20:29]} 4. Bc4
{[%clk 0:20:38]} Nf6 {[%clk 0:20:21]} 5. O-O {[%clk 0:20:25]} Bc5
{[%clk 0:20:16]} 6. e5 {[%clk 0:19:46]} Ng4 {[%clk 0:20:16]} 7. Qe2
{[%clk 0:19:30]} O-O {[%clk 0:20:08]} 8. h3 {[%clk 0:19:28]} d3 {[%clk 0:19:35]}
9. Bxd3 {[%clk 0:18:58]} Nxf2 {[%clk 0:19:38]} 10. Rxf2 {[%clk 0:18:39]} Bxf2+
{[%clk 0:19:43]} 11. Qxf2 {[%clk 0:18:37]} Re8 {[%clk 0:19:43]} 12. Qg3
{[%clk 0:18:31]} f6 {[%clk 0:18:34]} 13. Bh6 {[%clk 0:18:02]} Qe7
{[%clk 0:18:10]} 14. Bf4 {[%clk 0:16:51]} fxe5 {[%clk 0:17:45]} 15. Bg5
{[%clk 0:15:53]} Qc5+ {[%clk 0:17:17]} 16. Kh2 {[%clk 0:15:19]} e4 17. Bf6
{[%clk 0:12:59]} Qd6 {[%clk 0:16:54]} 18. Qxd6 {[%clk 0:11:54]} cxd6
{[%clk 0:17:01]} 19. Bc4+ {[%clk 0:11:57]} Kf8 {[%clk 0:16:51]} 20. Ng5
{[%clk 0:11:47]} gxf6 {[%clk 0:16:51]} 21. Nxh7+ {[%clk 0:11:51]} Kg7
{[%clk 0:16:56]} 22. Nc3 {[%clk 0:11:22]} Kxh7 {[%clk 0:17:00]} 23. Rf1
{[%clk 0:11:29]} Ne5 {[%clk 0:16:46]} 24. Bd5 {[%clk 0:11:23]} Kg7
{[%clk 0:16:21]} 25. Nxe4 {[%clk 0:11:10]} Rf8 {[%clk 0:16:01]} 26. Ng3
{[%clk 0:10:23]} Rb8 {[%clk 0:15:52]} 27. Nf5+ {[%clk 0:10:11]} Kh7
{[%clk 0:15:43]} 28. Be4 {[%clk 0:10:04]} Kh8 {[%clk 0:15:47]} 29. Nxd6
{[%clk 0:10:09]} Nf7 {[%clk 0:15:43]} 30. Rxf6 {[%clk 0:10:01]} Kg7
{[%clk 0:15:46]} 31. Rg6+ {[%clk 0:09:47]} Kh8 {[%clk 0:15:20]} 32. Nf5
{[%clk 0:09:18]} d5 {[%clk 0:15:08]} 33. Bd3 {[%clk 0:08:43]} Bxf5
{[%clk 0:15:04]} 34. Bxf5 {[%clk 0:08:51]} Rg8 {[%clk 0:15:06]} 35. Rf6
{[%clk 0:08:50]} Ng5 {[%clk 0:14:55]} 36. h4 {[%clk 0:08:32]} Ne4
{[%clk 0:14:39]} 37. Re6 {[%clk 0:07:39]} Rbf8 {[%clk 0:14:13]} 38. Bh3
{[%clk 0:07:30]} Rf2 {[%clk 0:14:13]} 39. Re7 {[%clk 0:07:19]} Rg7
{[%clk 0:14:10]} 40. Re8+ {[%clk 0:07:18]} Kh7 {[%clk 0:14:17]} 41. Rd8
{[%clk 0:06:51]} Rxc2 {[%clk 0:14:08]} 42. Bf5+ {[%clk 0:06:42]} Rg6
{[%clk 0:13:45]} 43. Rd7+ {[%clk 0:06:10]} Kh6 {[%clk 0:13:52]} 44. Rd8
{[%clk 0:06:09]} Rcxg2+ {[%clk 0:13:52]} 45. Kh1 {[%clk 0:05:48]} Nf2#
{[%clk 0:14:00]} 0-1

[Event "MESRRK"]
[Site "?"]
[Date "2018.05.26"]
[Round "6.20"]
[White "Polomsky, Tomas"]
[Black "Sekova, Olivia"]
[Result "1-0"]
[BlackElo "1031"]
[WhiteElo "1254"]
[LiveChessVersion "1.4.8"]

1. d4 {[%clk 0:20:19]} Nf6 {[%clk 0:20:12]} 2. c4 {[%clk 0:20:00]} g6
{[%clk 0:20:04]} 3. Nc3 {[%clk 0:20:08]} d5 {[%clk 0:19:01]} 4. cxd5
{[%clk 0:19:27]} Nxd5 {[%clk 0:18:42]} 5. e4 {[%clk 0:19:36]} Nxc3
{[%clk 0:18:17]} 6. bxc3 {[%clk 0:19:44]} Bg7 {[%clk 0:17:30]} 7. Bc4
{[%clk 0:19:01]} O-O {[%clk 0:16:58]} 8. Be3 {[%clk 0:18:36]} Nc6
{[%clk 0:16:11]} 9. Nf3 {[%clk 0:17:23]} b6 {[%clk 0:13:23]} 10. Bd5
{[%clk 0:17:19]} Bb7 {[%clk 0:13:13]} 11. a3 {[%clk 0:15:51]} Kh8
{[%clk 0:12:12]} 12. Ng5 {[%clk 0:15:45]} e6 {[%clk 0:11:57]} 13. Ba2
{[%clk 0:15:13]} Bh6 {[%clk 0:11:02]} 14. Nxf7+ {[%clk 0:15:13]} Rxf7
{[%clk 0:10:35]} 15. Bxh6 {[%clk 0:15:21]} Qh4 {[%clk 0:10:17]} 16. Be3
{[%clk 0:15:28]} Qxe4 {[%clk 0:10:04]} 17. Rg1 {[%clk 0:14:17]} Re7
{[%clk 0:09:09]} 18. Qe2 {[%clk 0:14:14]} Nd8 {[%clk 0:07:14]} 19. Bb1
{[%clk 0:13:51]} Qc6 {[%clk 0:07:00]} 20. Bd2 {[%clk 0:13:32]} Nf7
{[%clk 0:05:36]} 21. Be4 {[%clk 0:13:30]} Qxe4 {[%clk 0:05:25]} 22. Qxe4
{[%clk 0:13:29]} Bxe4 {[%clk 0:05:32]} 23. Bf4 {[%clk 0:13:36]} c5
{[%clk 0:04:59]} 24. f3 {[%clk 0:13:30]} Bc6 {[%clk 0:04:45]} 25. Rc1
{[%clk 0:13:12]} Rae8 {[%clk 0:04:00]} 26. Kf2 {[%clk 0:13:02]} e5
{[%clk 0:03:48]} 27. Bg3 {[%clk 0:13:00]} exd4 {[%clk 0:03:52]} 28. cxd4
{[%clk 0:13:08]} Bb5 {[%clk 0:03:17]} 29. Rgd1 {[%clk 0:12:26]} Re2+
{[%clk 0:03:20]} 30. Kg1 {[%clk 0:12:33]} cxd4 {[%clk 0:03:06]} 31. Rxd4
{[%clk 0:12:34]} R2e3 {[%clk 0:02:47]} 32. Rc7 {[%clk 0:12:25]} Nd8
{[%clk 0:02:35]} 33. a4 {[%clk 0:12:15]} Ne6 {[%clk 0:02:35]} 34. axb5 Nxd4
{[%clk 0:02:40]} 35. Rxa7 {[%clk 0:12:28]} Nxb5 {[%clk 0:02:43]} 36. Rb7
{[%clk 0:12:36]} R8e6 {[%clk 0:02:39]} 37. Rb8+ {[%clk 0:12:14]} Kg7
{[%clk 0:02:45]} 38. Rxb6 {[%clk 0:12:30]} Re7 {[%clk 0:02:51]} 39. Bh4
{[%clk 0:12:18]} Nd4 {[%clk 0:02:57]} 40. Bf6+ {[%clk 0:12:17]} Rc7
{[%clk 0:03:05]} 41. Bxd4+ {[%clk 0:12:26]} Kh6 {[%clk 0:03:13]} 42. Kf2
{[%clk 0:12:28]} Rc1 {[%clk 0:02:38]} 43. Bxe3+ {[%clk 0:12:41]} 1-0

[Event "MESRRK"]
[Site "?"]
[Date "2018.05.26"]
[Round "6.21"]
[White "Finek, Vaclav"]
[Black "Pylypenko, Radomyr"]
[Result "1-0"]
[BlackElo "1422"]
[WhiteElo "1763"]
[LiveChessVersion "1.4.8"]

1. e4 {[%clk 0:20:19]} e6 {[%clk 0:20:19]} 2. d4 {[%clk 0:20:27]} d5
{[%clk 0:20:28]} 3. exd5 exd5 {[%clk 0:20:36]} 4. Nf3 {[%clk 0:20:42]} c5
{[%clk 0:20:45]} 5. c3 {[%clk 0:20:50]} Nc6 {[%clk 0:20:54]} 6. Bd3
{[%clk 0:20:51]} Nf6 {[%clk 0:21:00]} 7. O-O {[%clk 0:20:58]} Be7
{[%clk 0:21:00]} 8. Be3 {[%clk 0:20:02]} cxd4 {[%clk 0:21:03]} 9. cxd4
{[%clk 0:20:07]} Qb6 {[%clk 0:20:55]} 10. Qd2 {[%clk 0:18:43]} Bg4
{[%clk 0:20:52]} 11. Ne5 {[%clk 0:18:32]} Be6 {[%clk 0:20:31]} 12. Nc3
{[%clk 0:18:27]} a6 {[%clk 0:20:23]} 13. Rac1 {[%clk 0:18:07]} O-O
{[%clk 0:20:10]} 14. Na4 {[%clk 0:17:28]} Qa5 {[%clk 0:19:29]} 15. Nxc6
{[%clk 0:17:05]} Qxd2 {[%clk 0:19:25]} 16. Nxe7+ {[%clk 0:16:43]} Kh8
{[%clk 0:19:33]} 17. Bxd2 {[%clk 0:16:31]} Rfe8 {[%clk 0:19:34]} 18. Bb4
{[%clk 0:16:31]} Bd7 {[%clk 0:19:25]} 19. Nb6 {[%clk 0:16:34]} Rad8
{[%clk 0:19:27]} 20. Nxd7 {[%clk 0:16:21]} Nxd7 {[%clk 0:19:21]} 21. Nf5 Nf6
{[%clk 0:18:31]} 22. Rfe1 {[%clk 0:15:44]} g6 {[%clk 0:17:34]} 23. Rxe8+
{[%clk 0:15:00]} Rxe8 {[%clk 0:17:41]} 24. Nd6 {[%clk 0:15:08]} Re7
{[%clk 0:17:34]} 25. Rc8+ {[%clk 0:15:16]} Kg7 {[%clk 0:17:41]} 26. Nf5+
{[%clk 0:15:20]} gxf5 {[%clk 0:17:43]} 27. Bxe7 {[%clk 0:15:28]} Nd7
{[%clk 0:17:48]} 28. Bxf5 {[%clk 0:15:33]} Nb6 {[%clk 0:17:53]} 29. Rc3
{[%clk 0:15:36]} Nc4 {[%clk 0:18:01]} 30. Rg3+ {[%clk 0:15:44]} Kh8
{[%clk 0:18:06]} 31. Bf6# 1-0